=LDR 00000nam 2200000 4500 =001 INLIS000000000003953 =005 20251112091351 =035 ##$$a 0010-0625000158 =007 ta =008 251112################g##########0#ind## =082 ##$$a 304.66 =084 ##$$a 304.66 BKK l =245 1#$$a Laporan Penelitian Operasional Tahap Evaluasi Proses : $b Meningkatkan Peran Bantu Seksi 7 dan 10 LKMD Dalam Pengembangan KB Mandiri Pedesaan Di Kabupaten Kutai Dan Bulungan Propinsi Kalimantan Timur /$c BKKBN Propinsi Kalimantan Timur =260 ##$$a Samarinda :$b BKKBN Propinsi Kalimantan Timur,$c 1993 =300 ##$$a vi, 93 hlm. =650 #4$$a Keluarga Berencana =110 2#$$a BKKBN Propinsi Kalimantan Timur